Giáo trình kỹ thuật điều khiển động cơ điện: (Sách dùng cho các trường đào tạo hệ trung học chuyên nghiệp)

Shranjeno v:
Bibliografske podrobnosti
Glavni avtor: Vũ, Quang Hồi
Format: Knjiga
Jezik:Undetermined
Izdano: Hà Nội Giáo dục 2005
Teme:
Oznake: Označite
Brez oznak, prvi označite!
Thư viện lưu trữ: Trung tâm Học liệu Trường Đại học Cần Thơ
LEADER 00700nam a2200217Ia 4500
001 CTU_101536
008 210402s9999 xx 000 0 und d
020 |c 12600 
082 |a 621.46 
082 |b H452 
100 |a Vũ, Quang Hồi 
245 0 |a Giáo trình kỹ thuật điều khiển động cơ điện: 
245 0 |b (Sách dùng cho các trường đào tạo hệ trung học chuyên nghiệp) 
245 0 |c Vũ Quang Hồi 
260 |a Hà Nội 
260 |b Giáo dục 
260 |c 2005 
650 |a Electric engineering,Electric motors 
650 |x Materials 
904 |i Minh 
980 |a Trung tâm Học liệu Trường Đại học Cần Thơ